Click to Translate - Bengali - Statistics

General Stats
  • This quiz has been taken 922 times
  • The average score is 12 of 20
Answer Stats
Hint Answer % Correct
England ইংল্যান্ড (Inlyānḍa)
83%
What কি (Ki)
71%
Mother মা (Mā)
69%
Thank you ধন্যবাদ (Dhan'yabāda)
67%
Small ছোট (Chōṭa)
65%
Bread রুটি (Ruṭi)
64%
Five পাঁচ (Pām̐ca)
63%
Blue নীল (Nīla)
60%
Friday শুক্রবার (Śukrabāra)
60%
House গৃহ (Gr̥ha)
58%
Me আমাকে (Āmākē)
54%
River নদী (Nadī)
54%
Teacher শিক্ষক (Śikṣaka)
54%
Water জল (Jala)
52%
Head মাথা (Māthā)
52%
Here এখানে (Ēkhānē)
50%
Sheep ভেড়া (Bhēṛā)
49%
Very খুব (Khuba)
49%
With সঙ্গে (Saṅgē)
45%
Menu তালিকা (Tālikā)
40%
No matching quizzes found
Score Distribution
Percent of People with Each Score
Percentile by Number Answered
Your Score History
You have not taken this quiz